000 00313nam a2200133Ia 4500
008 191201s2009 xx 000 0 und d
100 _aKANG, Sung-Mo
245 0 _aCMOS Digital Integrated Circuits
250 _aRep.
260 _aN.Delhi
_bTMH
_c2009
300 _a655
650 _aB.Tech(ECE)
942 _2ddc
_cBK
999 _c4041
_d4041